000 01116nam a22001937a 4500
003 CO-CtgCURN
005 20250604185503.0
008 250604b |||||||| |||| 00| 0 eng d
020 _a8485397169 (ISBM)
040 _aCO-CtgCURN
_bspa
_ccoctgcurn
082 _a646.726
_bP615d
100 _aPierantoni, Humbert.
_eAutor.
245 _aEl drenaje linfático del rostro :
_bManual practico de tratamientos esteticos /
_cHumbert Pierantoni.
260 _aBarcelona :
_bLes Nouvelles Esthetiques,
_c1997.
300 _a38 páginas.
_bilustraciones,
_c29 cm.
500 _aContenido.
505 _aLa linfa y el líquido intersticial.--La formación de la linfa, los linfocitos.--La circulación linfática.--Los ganglios linfáticos.--Esquema del sistema linfática facial.--La linfa del rostro.--Topografía de los ganglios faciales.--Topografía de la red linfática del rostro.--La corriente linfática.--Como practicar el drenaje linfático del rostro.--Maniobras de drenaje linfático con fines estéticos.--La maniobra de llamada o de retorno.
942 _2ddc
_cBK
_h646.726
_iP615d
_n0
999 _c48950
_d48950